Central Library OPAC University of Rajshahi

Statistical theory and methodology in science and engineering. / (Record no. 1643)

MARC details
000 -LEADER
fixed length control field 00827nam a22002651 4500
001 - CONTROL NUMBER
control field 1643
003 - CONTROL NUMBER IDENTIFIER
rucl marc code BD-RjUL
005 - DATE AND TIME OF LATEST TRANSACTION
control field 20211208233358.0
008 - FIXED-LENGTH DATA ELEMENTS--GENERAL INFORMATION
fixed length control field 131208r19611960nyua b 001 0 eng d
035 ## - SYSTEM CONTROL NUMBER
System control number (BD-RjUL)1670
040 ## - CATALOGING SOURCE
Original cataloging agency DLC/ICU
Transcribing agency ICU
Modifying agency DLC
-- BD-RjUL
Language of cataloging eng
041 ## - LANGUAGE CODE
Language code of text/sound track or separate title eng
082 00 - DEWEY DECIMAL CLASSIFICATION NUMBER
Classification number 519.5
Author mark and year BRS 1961
100 1# - MAIN ENTRY--PERSONAL NAME
Personal name Brownlee, K. A.
Fuller form of name (Kenneth Alexander),
Dates associated with a name 1918-
9 (RLIN) 5432
245 10 - TITLE STATEMENT
Title Statistical theory and methodology in science and engineering. /
Statement of responsibility, etc. by K A Brownlee
260 ## - PUBLICATION, DISTRIBUTION, ETC. (IMPRINT)
Place of publication, distribution, etc. New York :
Name of publisher, distributor, etc. Wiley,
Date of publication, distribution, etc. 1960 [reprinted 1961].
300 ## - PHYSICAL DESCRIPTION
Pagination xv, 570 p. :
Illustrations illus.;
Size 24 cm.
504 ## - BIBLIOGRAPHY, ETC. NOTE
Bibliography, etc Includes index.
650 #0 - SUBJECT ADDED ENTRY--TOPICAL TERM
Topical term or geographic name as entry element Mathematical statistics.
9 (RLIN) 5434
Topical term or geographic name as entry element Experimental design.
9 (RLIN) 38
942 ## - ADDED ENTRY ELEMENTS (KOHA)
Source of classification or shelving scheme Dewey Decimal Classification
Koha item type Books
Holdings
Lost status Source of classification or shelving scheme Damaged status Not for loan Collection code Permanent Location Current Location Shelving location Date acquired Source of acquisition Cost, normal purchase price Total Checkouts Full call number Date last seen Copy number Koha item type
  Dewey Decimal Classification     Non-fiction Central Library, University of Rajshahi Central Library, University of Rajshahi   31/03/1964 Zeithlinger. 111.00   519.5 BRS 1961 08/12/2013 C-2 Books
  Dewey Decimal Classification   Not For Loan Non-fiction Central Library, University of Rajshahi Central Library, University of Rajshahi Reading Room 06/02/1963 Zitlinger 126.00   519.5 BRS 1960 26/05/2014 C-1 Books